1989 Album - Statistics

General Stats
  • This quiz has been taken 143 times
  • The average score is 13 of 16
Answer Stats
# Tracks % Correct
1 Welcome To New York
97%
3 Style
95%
2 Blank Space
92%
6 Shake It Off
90%
9 Wildest Dreams
88%
13 Clean
87%
16 New Romantics
86%
4 Out Of The Woods
86%
14 Wonderland
84%
8 Bad Blood
83%
11 This Love
81%
15 You Are In Love
81%
5 All You Had To Do Was Stay
78%
12 I Know Places
77%
10 How You Get The Girl
75%
7 I Wish You Would
70%
No matching quizzes found
Score Distribution
Percent of People with Each Score
Percentile by Number Answered
Your Score History
You have not taken this quiz